[Event "It (open) (b)"]
[Site "masterchessopen.com Marijampole (Lithuania)"]
[Round "0"]
[White "Kasparavicius Laimutis (LTU)"]
[Black "Amberger Dieter (AUT)"]
[Result "1-0"]
[WhiteElo "2137"]
[BlackElo "2105"]

1.d4 d5 2.c4 dxc4 3.Nf3 Nf6 4.e3 e6 5.Bxc4 a6 6.O-O c5 7.Qe2 b5 8.Bb3 Bb7
9.Rd1 Qc7 10.Nc3 Nbd7 11.e4 cxd4 12.Nxd4 b4 13.Nd5 exd5 14.exd5+ Kd8 15.d6
Bxd6 16.Bxf7 Bxh2+ 17.Kf1 Qe5 18.Qc4 Re8 19.Qxb4 Kc7 20.g3 Bxg3 21.fxg3 Qxg3
22.Ne6+ Kb8 23.Bf4+ {#r} 1-0

[Event "It"]
[Site "masterchessopen.com Mulhouse (France)"]
[Round "7"]
[White "Sermier Guillaume (FRA)"]
[Black "Benitah Yohan (FRA)"]
[Result "1-0"]
[WhiteElo "2361"]
[BlackElo "2369"]

1.Nf3 d5 2.d4 Nf6 3.c4 dxc4 4.e3 e6 5.Bxc4 c5 6.O-O a6 7.Qe2 b5 8.Bb3 Bb7
9.Rd1 Nbd7 10.a4 b4 11.Nbd2 Be7 12.dxc5 Qc7 13.c6 Qxc6 14.Nc4 a5 15.Bd2 O-O
16.Rdc1 Qa6 17.Bd1 Rfd8 18.Nd4 Rac8 19.Nb3 Nc5 20.Ncxa5 Nd3 21.Nxb7 Qxb7
22.Rxc8 Qxc8 23.Be1 e5 24.Bc2 e4 25.Nd4 Nxb2 26.Rb1 Nd3 27.Bxd3 exd3 28.Qxd3
Nd5 29.Bd2 Qa8 30.Qb5 Bf6 31.Bxb4 Bxd4 32.exd4 Rb8 33.Qc4 Nf4 34.Qf1 Rb6 35.g3
Qb7 36.Re1 h6 37.Bd2 Ne6 38.Be3 Rb4 39.a5 Rb2 40.a6 Qa8 41.Ra1 Nc7 42.Qg2 Nd5
43.a7 Kh7 44.h3 g6 45.Ra5 {#r} 1-0

[Event "It (open)"]
[Site "masterchessopen.com Nice (France)"]
[Round "1"]
[White "Chatalbashev Boris (BUL)"]
[Black "Ter Sarkissoff Jean-Jacques (FRA)"]
[Result "1-0"]
[WhiteElo "2494"]
[BlackElo "2140"]

1.d4 d5 2.c4 dxc4 3.Nf3 a6 4.e3 e6 5.Bxc4 Nf6 6.O-O c5 7.Qe2 b5 8.Bb3 Bb7 9.a4
Nbd7 10.axb5 axb5 11.Rxa8 Qxa8 12.Nc3 Be7 13.Nxb5 O-O 14.Nc3 Rc8 15.Rd1 Nf8
16.Bc2 Ng6 17.e4 cxd4 18.Rxd4 Bc5 19.Ra4 Qb8 20.h3 Nh5 21.Be3 Nhf4 22.Qe1 Be7
23.g3 Nh5 24.Nd4 Rd8 25.Kg2 Bf6 26.Bd1 Bxd4 27.Rxd4 Rxd4 28.Bxd4 Nhf4+ 29.gxf4
Nxf4+ 30.Kh1 Nxh3 31.Qe3 Nf4 32.Bb6 Qe5 33.Qd4 Qg5 34.Qd8+ Qxd8 35.Bxd8 Nd3
36.Be2 Nxb2 37.Bb5 f6 38.Be7 Kf7 39.Ba3 Nd1 40.Nxd1 Bxe4+ 41.Kh2 e5 42.Ne3
{#r} 1-0

[Event "It (open)"]
[Site "masterchessopen.com Nova Gorica (Slovenia)"]
[Round "4"]
[White "Kozul Zdenko (CRO)"]
[Black "Bratanov Zsivko (BUL)"]
[Result "1-0"]
[WhiteElo "2611"]
[BlackElo "2400"]

1.d4 d5 2.c4 dxc4 3.Nf3 a6 4.e3 e6 5.Bxc4 c5 6.O-O Nf6 7.Qe2 b5 8.Bb3 Bb7
9.Rd1 Nbd7 10.a4 Qb6 11.Bc2 bxa4 12.Bxa4 Bc6 13.Nc3 Bxa4 14.Rxa4 Qb7 15.e4 Nb6
16.Ra1 cxd4 17.Nxd4 Bb4 18.e5 Bxc3 19.bxc3 Nfd5 20.Rd3 Nc4 21.Rg3 Rc8 22.Rxg7
Nxc3 23.Qe1 Qb4 24.Nc2 Qb3 25.Rg3 Nb6 26.Ra3 Qxc2 27.Rgxc3 Rxc3 28.Rxc3 Qb1
29.Qd1 Qe4 30.Be3 Rg8 31.g3 {#r} 1-0

[Event "Ch Sweden (team) 1999/00"]
[Site "masterchessopen.com Sweden"]
[Round "10"]
[White "Dzevlan Miralem (BIH)"]
[Black "Helgason Reynir (SWE)"]
[Result "1-0"]
[WhiteElo "2412"]
[BlackElo "2332"]

1.d4 d5 2.c4 dxc4 3.Nf3 Nf6 4.e3 e6 5.Bxc4 a6 6.Qe2 c5 7.O-O b5 8.Bb3 Bb7
9.Nc3 Nbd7 10.Rd1 Qb8 11.d5 exd5 12.Bxd5 Bxd5 13.Nxd5 Nxd5 14.Rxd5 Be7 15.e4
Qb7 16.Bg5 f6 17.Bf4 O-O 18.Re1 Rfe8 19.Qc2 Bf8 20.Rd2 c4 21.e5 Bb4 22.Rxd7
Qxd7 23.Rd1 Qc6 24.Rd4 Rad8 25.h3 Qe6 26.Qd1 Rxd4 27.Qxd4 fxe5 28.Bxe5 Bf8
29.a3 Qf7 30.Qb6 Qd5 31.Qc7 h6 32.h4 Kh7 33.Bd4 Re4 34.Qa7 Rg4 35.Kh1 Qe6
36.g3 Qe4 37.Kg2 Rg6 38.Qf7 Qe7 39.Qf5 h5 40.Ng5+ Kh6 41.Be3 Qb7+ 42.Kh2 Be7
43.Ne6+ Kh7 44.Qxh5+ Rh6 45.Bxh6 g6 46.Qe5 Kxh6 47.Qh8# 1-0

[Event "Ch Sweden (team) 1999/00"]
[Site "masterchessopen.com Sweden"]
[Round "11"]
[White "Renman Nils-Gustaf (SWE)"]
[Black "Degerman Lars (SWE)"]
[Result "1-0"]
[WhiteElo "2380"]
[BlackElo "2503"]

1.d4 d5 2.c4 dxc4 3.e3 Nf6 4.Bxc4 e6 5.Nf3 c5 6.O-O a6 7.Qe2 b5 8.Bb3 Bb7
9.Rd1 Nbd7 10.a4 Rb8 11.axb5 axb5 12.dxc5 Bxc5 13.Nc3 b4 14.Na4 Be7 15.e4 O-O
16.Bf4 Rc8 17.Ne5 Qe8 18.f3 Nxe5 19.Bxe5 Nd7 20.Bd6 Bxd6 21.Rxd6 Nc5 22.Nxc5
Rxc5 23.Qd2 Qb5 24.h3 h5 25.Ra4 Rfc8 26.Rxb4 Rc1+ 27.Kh2 Qf1 28.Rxb7 Qg1+
29.Kg3 Rf1 30.h4 Rc5 31.Rd8+ Kh7 32.Rxf7 Rf2 33.Rxg7+ Kxg7 34.Qd7+ {#r} 1-0

[Event "Ch Sweden (team) 2000/01"]
[Site "masterchessopen.com Sweden"]
[Round "2"]
[White "Renman Nils-Gustaf (SWE)"]
[Black "Hjelm Niclas (SWE)"]
[Result "1-0"]
[WhiteElo "2380"]
[BlackElo "2347"]

1.d4 d5 2.c4 dxc4 3.e3 Nf6 4.Bxc4 e6 5.Nf3 c5 6.O-O a6 7.Qe2 b5 8.Bb3 Bb7
9.Rd1 Nbd7 10.a4 b4 11.Nbd2 Qc7 12.Bc4 cxd4 13.exd4 Bd6 14.Bd3 O-O 15.Nc4 Bxf3
16.Qxf3 Bxh2+ 17.Kh1 Bd6 18.Nxd6 Qxd6 19.Bf4 Qd5 20.Qxd5 Nxd5 21.Bd6 Rfc8
22.Rac1 a5 23.Bb5 Rxc1 24.Rxc1 N7f6 25.f3 h5 26.Rc5 Rd8 27.Be5 Ne3 28.Bc6 Nfd5
29.Rxa5 Nc4 30.Rb5 Nxb2 31.a5 Nc4 32.a6 Nxe5 33.dxe5 Nc7 34.Ra5 b3 35.a7 b2
36.Be4 b1=Q+ 37.Bxb1 Rd1+ 38.Kh2 Rxb1 39.Rc5 Ra1 40.Rxc7 g5 41.Rc8+ Kg7
42.a8=Q {#r} 1-0

[Event "It (open)"]
[Site "masterchessopen.com Vantaa (Finland)"]
[Round "1"]
[White "Korhonen Erkki (FIN)"]
[Black "Pulkkinen Kari (FIN)"]
[Result "1-0"]
[WhiteElo "1945"]
[BlackElo "2296"]

1.d4 d5 2.c4 dxc4 3.Nf3 Nf6 4.e3 e6 5.Bxc4 c5 6.O-O a6 7.Qe2 b5 8.Bb3 Bb7
9.Rd1 Nbd7 10.Nc3 Qb6 11.e4 cxd4 12.Nxd4 Bc5 13.e5 Bxd4 14.exf6 Nxf6 15.a4 b4
16.a5 Qc5 17.Ba4+ Ke7 18.Rxd4 Qxd4 19.Be3 Qg4 20.Bc5+ Kd8 21.Rd1+ Kc8 22.Bd7+
Nxd7 23.Qxg4 bxc3 24.Qxg7 c2 25.Qxh8+ Kc7 26.Bb6+ {#r} 1-0

[Event "It (open) \"]
[Site "masterchessopen.com Amsterdam (Netherlands)"]
[Round "3"]
[White "Cruz-Lopez Claret Carlos (ESP)"]
[Black "Jonkman Harmen (NED)"]
[Result "0-1"]
[WhiteElo "2289"]
[BlackElo "2491"]

1.d4 d5 2.c4 dxc4 3.Nf3 e6 4.e3 Nf6 5.Bxc4 a6 6.O-O c5 7.Qe2 b5 8.Bb3 Bb7 9.a4
b4 10.Nbd2 Be7 11.Nc4 O-O 12.Rd1 Nbd7 13.a5 Qc7 14.Nfe5 Rfd8 15.Bd2 Nxe5
16.dxe5 Nd7 17.f4 Nb8 18.Bc2 Nc6 19.Qh5 g6 20.Qh3 Na7 21.Be1 Rxd1 22.Bxd1 Bd5
23.Nb6 Rd8 24.Nxd5 Rxd5 25.Be2 Nc6 26.Rc1 Rd8 27.Bxa6 Rb8 28.Bh4 Qxa5 29.Bc4
Qd8 30.Bxe7 Nxe7 31.Bxe6 Qd2 32.Rf1 Qxb2 33.Rd1 Rf8 34.Rd7 Qb1+ 35.Kf2 Qc2+
36.Kf3 Nf5 37.g4 Ng7 38.Bd5 Qd1+ 39.Kg3 Qe1+ 40.Kf3 Qd1+ 41.Kg3 Qe2 42.Kh4 c4
43.Kg5 c3 44.e6 Qb5 45.f5 c2 46.fxg6 Nxe6+ 47.Kf6 hxg6 {#R} 0-1

[Event "It (open)"]
[Site "masterchessopen.com Andorra"]
[Round "4"]
[White "Degerman Lars (SWE)"]
[Black "Jonkman Harmen (NED)"]
[Result "0-1"]
[WhiteElo "2492"]
[BlackElo "2491"]

1.d4 d5 2.c4 dxc4 3.Nf3 e6 4.e3 Nf6 5.Bxc4 a6 6.O-O c5 7.Qe2 b5 8.Bb3 Bb7 9.a4
b4 10.Rd1 Nbd7 11.Nbd2 Qc7 12.Nc4 Be7 13.Bd2 O-O 14.Rac1 Rfc8 15.a5 Bd5 16.Be1
Qb7 17.Ba4 Rc7 18.Nce5 Nxe5 19.Nxe5 Rac8 20.Nf3 cxd4 21.Rxc7 Qxc7 22.Qxa6 Ra8
23.Qd3 Rxa5 24.Bb3 Bxf3 25.gxf3 Rg5+ 26.Kh1 Rh5 27.f4 dxe3 28.fxe3 h6 29.Bg3
Qc6+ 30.Kg1 Rc5 31.Be1 Ra5 32.Bd2 g5 33.Rc1 Qf3 34.Bd1 Rd5 35.Qb3 Qh3 36.Be1
gxf4 37.exf4 Rd3 38.Qc4 Rxd1 39.Rxd1 Qg4+ 40.Kf1 Qf3+ {#R} 0-1

[Event "Ch Russia"]
[Site "masterchessopen.com Elista (Russia)"]
[Round "8"]
[White "Korobov Ilya (RUS)"]
[Black "Makarov Marat (RUS)"]
[Result "0-1"]
[WhiteElo "2381"]
[BlackElo "2521"]

1.d4 d5 2.c4 dxc4 3.Nf3 e6 4.e3 c5 5.Bxc4 a6 6.O-O Nf6 7.Qe2 b5 8.Bb3 Bb7 9.a4
b4 10.Rd1 Be7 11.Nbd2 Nbd7 12.e4 cxd4 13.e5 Nd5 14.Ne4 Qc7 15.Ng3 d3 16.Rxd3
Nc5 17.Bc4 Nxd3 18.Bxd3 h6 19.h4 g6 20.Bd2 Kf8 21.Rc1 Qb6 22.Ne4 a5 23.Bb1 Ba6
24.Qe1 Kg7 25.g4 Rac8 26.Rxc8 Rxc8 27.h5 g5 28.Nexg5 Bxg5 29.Nxg5 Qd4 30.Ne4
Qxe5 31.g5 hxg5 32.h6+ Kh8 33.Qd1 Nf4 34.Ng3 Ne2+ 35.Kh2 Nxg3 36.fxg3 Qe2+
37.Qxe2 Bxe2 38.Bxg5 f5 39.Kg2 Kh7 40.Kf2 Bd1 {#R} 0-1

[Event "Oberliga Northwest 2001/02"]
[Site "masterchessopen.com Germany"]
[Round "1"]
[White "Israel Jens (GER)"]
[Black "Hummel Dirk (GER)"]
[Result "0-1"]
[WhiteElo "2213"]
[BlackElo "2269"]

1.d4 d5 2.c4 dxc4 3.Nf3 Nf6 4.e3 e6 5.Bxc4 c5 6.O-O a6 7.Qe2 b5 8.Bb3 Bb7
9.Rd1 Nbd7 10.Nc3 Qc7 11.d5 exd5 12.Nxd5 Nxd5 13.Bxd5 Bxd5 14.Rxd5 Be7 15.e4
Nb6 16.Rh5 O-O 17.Be3 Rfe8 18.Rc1 Nd7 19.Qc2 Rac8 20.Ng5 Nf8 21.Nh3 Ne6 22.f4
c4 23.f5 Bc5 24.Qf2 Bxe3 25.Qxe3 Qc5 26.Kf2 Qe5 27.Rc2 Nc5 28.Re2 c3 {#R} 0-1

[Event "It (open)"]
[Site "masterchessopen.com Hyeres (France)"]
[Round "9"]
[White "Petit Eric-Thierry (FRA)"]
[Black "Karpatchev Aleksandr (RUS)"]
[Result "0-1"]
[WhiteElo "2180"]
[BlackElo "2462"]

1.d4 d5 2.c4 dxc4 3.e3 Nf6 4.Bxc4 e6 5.Nf3 a6 6.O-O c5 7.Qe2 b5 8.Bb3 Bb7
9.Rd1 Nbd7 10.Nc3 Qb8 11.Bc2 Be7 12.e4 cxd4 13.Nxd4 Bd6 14.h3 O-O 15.a3 Rd8
16.Nb3 Qc7 17.Be3 Bh2+ 18.Kh1 Be5 19.Bd2 Rac8 20.Bd3 Qb8 21.Rac1 Nf8 22.Re1
Ng6 23.Rcd1 Qa8 24.Na5 Bxc3 25.bxc3 Rxd3 26.Qxd3 Bxe4 27.Qg3 Bd5 28.f3 Qa7
29.Rb1 Ne7 30.Be3 Qd7 31.Bd4 Nf5 32.Qf2 Nh5 33.Nb3 Nf4 34.Red1 h5 35.Nc1 h4
36.Ne2 Nxe2 37.Be5 Neg3+ {#R} 0-1

[Event "Tournament (IECG)"]
[Site "masterchessopen.com Internet"]
[Round "0"]
[White "Horak Jiri (CZE)"]
[Black "Horvath Istvan (HUN)"]
[Result "1-0"]
[WhiteElo "2138"]
[BlackElo "2195"]

1.d4 d5 2.c4 dxc4 3.Nf3 Nf6 4.e3 e6 5.Bxc4 c5 6.O-O a6 7.Qe2 b5 8.Bb3 Bb7
9.Rd1 Nbd7 10.a4 c4 11.Bc2 Be7 12.e4 Qc7 13.Bg5 b4 14.Nbd2 Rc8 15.Rac1 c3
16.Bd3 {#r} 1-0

[Event "Ch Norway (team) (final)"]
[Site "masterchessopen.com Langesund (Norway)"]
[Round "5"]
[White "Steedman James (NOR)"]
[Black "Moen Andreas (NOR)"]
[Result "0-1"]
[WhiteElo "2129"]
[BlackElo "2265"]

1.d4 d5 2.c4 dxc4 3.Nf3 Nf6 4.e3 e6 5.Bxc4 c5 6.O-O a6 7.Qe2 b5 8.Bb3 Bb7
9.Re1 Nbd7 10.Nc3 Qb8 11.d5 exd5 12.Nxd5 c4 13.Nxf6+ Nxf6 14.Bc2 Bc5 15.e4 Ng4
16.Rf1 O-O 17.Bg5 Re8 18.Bh4 f5 19.h3 fxe4 20.hxg4 exf3 21.Qd2 Re2 22.Qc3 Qf4
{#R} 0-1

[Event "Ch Sweden (team) 2000/01"]
[Site "masterchessopen.com Sweden"]
[Round "9"]
[White "Sokolov Ivan (NED)"]
[Black "Hjelm Niclas (SWE)"]
[Result "1-0"]
[WhiteElo "2658"]
[BlackElo "2327"]

1.d4 d5 2.c4 dxc4 3.Nf3 Nf6 4.e3 e6 5.Bxc4 a6 6.O-O c5 7.Qe2 b5 8.Bb3 Bb7 9.a4
b4 10.Nbd2 Nbd7 11.Nc4 Be7 12.a5 O-O 13.Bd2 Qc7 14.Rfc1 Rac8 15.Ba4 Bc6
16.Bxc6 Qxc6 17.Nce5 Qb7 18.Nxd7 Nxd7 19.Be1 Rc7 20.Rc2 Rfc8 21.Rac1 h6 22.h3
Bd6 23.dxc5 Rxc5 24.Nd4 R8c7 25.Rxc5 Nxc5 26.Rc4 Nd7 27.Rc2 Rxc2 28.Qf1 Rc4
29.Qxc4 Ne5 30.Qc2 Nd7 31.b3 Bc5 32.Qc4 Qe4 33.Qxa6 Bxd4 34.Qc8+ Nf8 35.Bxb4
Be5 36.Qxf8+ Kh7 37.Be1 {#r} 1-0

[Event "Ch Switzerland (team) 2001"]
[Site "masterchessopen.com Switzerland"]
[Round "4"]
[White "Georges Sacha (SUI)"]
[Black "Giertz Niklaus (SUI)"]
[Result "1-0"]
[WhiteElo "2223"]
[BlackElo "2284"]

1.d4 d5 2.c4 dxc4 3.Nf3 Nf6 4.e3 e6 5.Bxc4 c5 6.O-O a6 7.Qe2 b5 8.Bb3 Bb7 9.a4
Nbd7 10.axb5 axb5 11.Rxa8 Qxa8 12.Nc3 Bxf3 13.gxf3 b4 14.Nb5 Qb8 15.f4 cxd4
16.exd4 Be7 17.f5 exf5 18.Bc4 Nb6 19.b3 Nxc4 20.bxc4 Kd7 21.Qf3 g6 22.Re1 Re8
23.Bg5 Qa8 24.Qg3 Qc6 25.Ra1 Rd8 26.d5 Qxc4 27.Bxf6 Bxf6 28.Qd6+ Kc8 29.Ra8+
Kb7 30.Qa6# 1-0

[Event "It \"]
[Site "masterchessopen.com Vukovar (Croatia)"]
[Round "10"]
[White "Feletar Darko (CRO)"]
[Black "Jusic Zdenko (CRO)"]
[Result "1-0"]
[WhiteElo "2472"]
[BlackElo "2424"]

1.d4 Nf6 2.Nf3 d5 3.c4 dxc4 4.e3 a6 5.Bxc4 e6 6.O-O c5 7.Qe2 b5 8.Bb3 Bb7 9.a4
Nbd7 10.axb5 axb5 11.Rxa8 Qxa8 12.Nc3 b4 13.Nb5 Qa5 {#r} 1-0

[Event "Oberliga NRW (2) 2001/02"]
[Site "masterchessopen.com Germany"]
[Date "2001.10.21"]
[Round "2"]
[White "Korotkjevich Stanislav (UKR)"]
[Black "Heinbuch Detlef (GER)"]
[Result "1-0"]
[WhiteElo "2321"]
[BlackElo "2363"]

1.d4 d5 2.c4 dxc4 3.Nf3 Nf6 4.e3 e6 5.Bxc4 c5 6.O-O a6 7.Qe2 b5 8.Bb3 Bb7
9.dxc5 Nbd7 10.c6 Bxc6 11.Nd4 Bb7 12.Rd1 Qb6 13.a4 e5 14.Nf3 Nc5 15.Bc2 Bxf3
16.Qxf3 e4 17.Qf5 b4 18.Nd2 Rd8 19.b3 Rd5 20.Qc8+ Rd8 21.Qh3 Be7 22.Bb2 O-O
23.Bd4 Qb7 24.Rac1 Rd5 25.g3 Re8 26.Qg2 Bd8 27.h3 h6 28.Kh2 Kf8 29.Nc4 Bc7
30.Nd2 Be5 31.Bxc5+ Rxc5 32.Bxe4 Rxc1 33.Rxc1 Bxg3+ 34.fxg3 Nxe4 35.Rc4 f5
36.Qf3 g6 37.Qf4 Nxd2 38.Rc7 {#r} 1-0

[Event "It \"]
[Site "masterchessopen.com Bunratty (Ireland)"]
[Round "1"]
[White "D'Costa Lorin (ENG)"]
[Black "Jeffares Simon (IRL)"]
[Result "1-0"]
[WhiteElo "2285"]
[BlackElo "2034"]

1.d4 d5 2.c4 dxc4 3.Nf3 e6 4.e3 c5 5.Bxc4 a6 6.O-O Nf6 7.Qe2 b5 8.Bb3 Bb7
9.Rd1 Nbd7 10.a4 b4 11.a5 Qc7 12.Nbd2 Be7 13.Bc4 O-O 14.b3 cxd4 15.exd4 Nd5
16.Ne4 N7f6 17.Nxf6+ Bxf6 18.Bd2 Rfb8 19.Ne5 Be7 20.Re1 Bd6 21.Qg4 Nf6 22.Qh3
Bd5 23.Bd3 g6 24.Bg5 Ne8 25.Rac1 Qb7 26.Nc4 Bxc4 27.Bxc4 Qd7 28.d5 Ng7 29.dxe6
fxe6 30.Rxe6 Kh8 31.Bf6 Bf4 32.Rce1 Re8 33.Rxe8+ Rxe8 34.Bxg7+ {#r} 1-0

[Event "It (open)"]
[Site "masterchessopen.com Deizisau (Germany)"]
[Round "2"]
[White "Porper Eduard (CAN)"]
[Black "Meschke Andreas (GER)"]
[Result "1-0"]
[WhiteElo "2429"]
[BlackElo "2175"]

1.d4 d5 2.c4 dxc4 3.Nf3 Nf6 4.e3 e6 5.Bxc4 c5 6.O-O a6 7.Qe2 b5 8.Bb3 Bb7 9.a4
Nbd7 10.axb5 axb5 11.Rxa8 Qxa8 12.Nc3 b4 13.Nb5 Qa5 14.e4 Be7 15.d5 e5 16.d6
Bd8 17.Bxf7+ Kxf7 18.Qc4+ Nd5 19.exd5 Ba6 20.Qg4 Qxb5 21.Qe6+ Kf8 22.Re1 h6
23.h3 Bf6 24.Bf4 Nb6 25.Bxe5 Qd7 26.Bxf6 Qxe6 27.Rxe6 gxf6 28.d7 Nxd7 29.Rxa6
Rg8 30.Kf1 Ke7 31.g3 h5 32.Ke2 Rb8 33.Nh4 Nb6 34.Nf5+ Kf7 35.Ra7+ Kg6 36.g4
hxg4 37.hxg4 Kg5 38.Kf3 Rg8 39.Rh7 c4 40.Ne7 {#r} 1-0

[Event "Ch Israel (team)"]
[Site "masterchessopen.com Israel"]
[Round "2"]
[White "Peker Oleg (ISR)"]
[Black "Lev Ronen (ISR)"]
[Result "1-0"]
[WhiteElo "2400"]
[BlackElo "2449"]

1.d4 d5 2.c4 dxc4 3.Nf3 Nf6 4.e3 e6 5.Bxc4 c5 6.O-O a6 7.Qe2 b5 8.Bb3 Bb7 9.a4
Nbd7 10.Rd1 Qb8 11.axb5 axb5 12.Rxa8 Bxa8 13.Nc3 b4 14.Nb1 Be7 15.Nbd2 O-O
16.Nf1 Rc8 17.Bd2 cxd4 18.Nxd4 Nc5 19.Bc4 Nfe4 20.Be1 Nd6 21.Ba2 e5 22.Nf3 e4
23.Ne5 b3 24.Bb1 f6 25.Nc4 Qb5 26.Qg4 Qxc4 27.Rxd6 Rf8 28.Rd1 f5 29.Qg3 Bf6
30.Qc7 Qe2 31.Rc1 Na4 32.Bb4 Rd8 33.Be7 Bxe7 34.Qxe7 Rf8 35.Qe6+ {#r} 1-0

[Event "Ch Ukraine (juniors) (under 20) (1/2 final)"]
[Site "masterchessopen.com Kiev (Ukraine)"]
[Round "1"]
[White "Grebeniuk Semen (UKR)"]
[Black "Zubov Alexander (UKR)"]
[Result "0-1"]
[WhiteElo "2259"]
[BlackElo "2492"]

1.Nf3 Nf6 2.d4 d5 3.c4 dxc4 4.e3 e6 5.Bxc4 a6 6.O-O c5 7.Qe2 b5 8.Bb3 Bb7
9.Rd1 Nbd7 10.a4 b4 11.Nbd2 Be7 12.e4 cxd4 13.e5 Nd5 14.Ne4 Qb8 15.Bxd5 Bxd5
16.Bf4 Qb7 17.Rxd4 Nc5 18.Nxc5 Bxc5 19.Rd2 O-O 20.Be3 Be7 21.Ne1 Rfc8 22.Rd4
Rc7 23.Qg4 Rac8 24.Nd3 Rc4 25.Rc1 Rxc1+ 26.Bxc1 a5 27.h3 f5 28.Qg3 Rc4 29.Rxc4
Bxc4 30.Nf4 Kf7 31.Qe3 Qd7 32.b3 Qd1+ 33.Kh2 Bxb3 34.g4 fxg4 35.Nh5 Qf3 {#R}
0-1

[Event "It (open) \"]
[Site "masterchessopen.com Senta (Yugoslavia)"]
[Round "8"]
[White "Jesenski Tibor (SRB)"]
[Black "Tatalovic Dusan (SRB)"]
[Result "1-0"]
[WhiteElo "2339"]
[BlackElo "2234"]

1.d4 d5 2.c4 dxc4 3.Nf3 Nf6 4.e3 e6 5.Bxc4 c5 6.O-O a6 7.Qe2 b5 8.Bb3 Bb7
9.Rd1 Nbd7 10.Nc3 Qb6 11.d5 exd5 12.Nxd5 Nxd5 13.Bxd5 Bxd5 14.Rxd5 Be7 15.e4
Rd8 16.Bg5 f6 17.Bf4 Qe6 18.a4 b4 19.Rad1 O-O 20.Bc7 Kf7 21.Bxd8 Rxd8 22.Qd3
Ke8 23.b3 Qc6 24.h3 Qc8 25.e5 Nf8 26.Rxd8+ Qxd8 27.Qxd8+ Bxd8 28.exf6 gxf6
29.Rd6 a5 30.Nd2 Nd7 31.Nc4 Ke7 32.Ra6 Nb8 33.Ra7+ Ke6 34.Nxa5 Bxa5 35.Rxa5
Kd5 36.Ra7 Kd4 37.Rxh7 Kc3 38.h4 Kxb3 39.h5 Kxa4 40.Ra7+ Kb3 41.Rc7 Na6 42.Rc6
c4 43.h6 Nb8 44.Rc7 {#r} 1-0

[Event "It (open) \"]
[Site "masterchessopen.com Tatranske Zruby (Slovakia)"]
[Round "6"]
[White "Motuz Karol (SVK)"]
[Black "Wiley Tom E (ENG)"]
[Result "0-1"]
[WhiteElo "2368"]
[BlackElo "2322"]

1.d4 d5 2.c4 dxc4 3.Nf3 Nf6 4.e3 e6 5.Bxc4 c5 6.O-O a6 7.Qe2 b5 8.Bb3 Bb7
9.Rd1 Nbd7 10.a4 b4 11.Nbd2 cxd4 12.exd4 Be7 13.Nc4 Nd5 14.a5 O-O 15.Nfe5 Rc8
16.Rd3 N7f6 17.Rg3 Ne8 18.Bh6 Bh4 19.Rh3 gxh6 20.g3 Bg5 21.Rd1 Nd6 22.Nxd6
Qxd6 23.f4 Bf6 24.Qh5 Bg7 25.Ng4 f5 26.Nxh6+ Bxh6 27.Qxh6 Nf6 28.Qg5+ Kh8
29.Rh6 Qc6 30.d5 Qc5+ 31.Kg2 Ng4 32.Kh3 Bxd5 33.Bxd5 exd5 34.Re1 Nxh6 35.Qxh6
Rf7 36.Qxa6 Qc6 37.Qd3 Qc4 38.Qe3 Qe4 39.Qd2 Rc2 40.Qd1 Qg2+ 41.Kh4 Qxh2+ {#R}
0-1

[Event "It \"]
[Site "masterchessopen.com Borovo (Croatia)"]
[Round "9"]
[White "Sertic Rudolf (CRO)"]
[Black "Cengija Vanja (CRO)"]
[Result "1-0"]
[WhiteElo "2337"]
[BlackElo "2311"]

1.d4 d5 2.c4 dxc4 3.e3 Nf6 4.Bxc4 e6 5.Nf3 c5 6.O-O a6 7.Qe2 b5 8.Bb3 Bb7 9.a4
b4 10.Rd1 Nbd7 11.Nbd2 Qc7 12.Nc4 Be7 13.Bd2 a5 14.Rac1 Bd5 15.Be1 Qb7 16.Ncd2
cxd4 17.Bxd5 Nxd5 18.Nxd4 O-O 19.e4 N5f6 20.Nc6 Bc5 21.Qb5 Qb6 22.Nc4 Qc7
23.Nd6 Qb6 24.Nb7 Qxb5 25.axb5 Bb6 26.Rc4 Kh8 27.Ra1 Ng4 28.Rcc1 f5 29.Rd1 Nc5
30.Nxc5 Bxc5 31.h3 Nf6 32.exf5 exf5 33.Rxa5 Rxa5 34.Nxa5 Rb8 35.Nc6 Rxb5
36.Rd8+ Ng8 37.b3 h6 38.Kf1 Rb6 39.Ne5 Kh7 40.Nd7 Rc6 41.Nxc5 Rxc5 42.Bxb4
Rc1+ 43.Ke2 Rb1 44.Rd3 {#r} 1-0

[Event "It (cat.2)"]
[Site "masterchessopen.com Budapest (Hungary)"]
[Round "4"]
[White "Babos Csaba (ROM)"]
[Black "Werner Dimo (GER)"]
[Result "0-1"]
[WhiteElo "2253"]
[BlackElo "2301"]

1.d4 d5 2.c4 dxc4 3.Nf3 Nf6 4.e3 a6 5.Bxc4 e6 6.O-O c5 7.Qe2 b5 8.Bb3 Bb7 9.a4
b4 10.Nbd2 Be7 11.Bc4 O-O 12.b3 Nd5 13.Bb2 Nc3 14.Bxc3 bxc3 15.Nb1 Nc6 16.Nxc3
cxd4 17.Ne4 dxe3 18.Qxe3 Qa5 19.Rad1 Rad8 20.Qf4 h6 21.h3 Rxd1 22.Rxd1 Rd8
23.Nd6 Bf6 24.Nh2 Qe5 {#R} 0-1

[Event "It (open)"]
[Site "masterchessopen.com Buenos Aires (Argentina)"]
[Round "3"]
[White "Carbone Jose (ARG)"]
[Black "Lopez Noberto (ARG)"]
[Result "0-1"]
[WhiteElo "1877"]
[BlackElo "2239"]

1.d4 d5 2.c4 dxc4 3.Nf3 Nf6 4.e3 c5 5.Bxc4 e6 6.O-O a6 7.Qe2 b5 8.Bb3 Bb7
9.Rd1 Nbd7 10.a4 Qb6 11.Nc3 c4 12.a5 Qc7 13.Bc2 b4 14.Na4 b3 15.Bb1 Qxa5
16.Qxc4 Qh5 17.Qe2 Bd6 18.h3 g5 19.e4 g4 20.Nh2 Bxh2+ 21.Kh1 Rg8 22.Nc3 Bc7
23.d5 Qe5 24.g3 Nh5 25.h4 Nxg3+ 26.fxg3 Qxg3 27.Be3 Qxh4+ 28.Kg1 Qg3+ 29.Kh1
Qh3+ 30.Kg1 Ne5 31.d6 Nf3+ 32.Kf2 Qh2+ 33.Kf1 Qh1+ {#R} 0-1

[Event "Czech League 2002/03 (2nd) (c)"]
[Site "masterchessopen.com Czech Republic"]
[Round "8"]
[White "Trmal Jaroslav (CZE)"]
[Black "Soukup Jiri (CZE)"]
[Result "0-1"]
[WhiteElo "2272"]
[BlackElo "2171"]

1.d4 d5 2.c4 dxc4 3.Nf3 Nf6 4.e3 e6 5.Bxc4 c5 6.O-O a6 7.Qe2 b5 8.Bb3 Bb7 9.a4
b4 10.Nbd2 Nbd7 11.Rd1 Be7 12.a5 O-O 13.e4 cxd4 14.e5 Nd5 15.Ne4 Nc5 16.Nxc5
Bxc5 17.Qe4 f5 18.exf6 Qxf6 19.Bc2 Qf5 20.Qxf5 exf5 21.Nxd4 Rae8 22.Kf1 Kh8
23.Bb3 Re4 24.Nf3 Nf4 25.Ng5 Re2 26.Be3 Bxg2+ 27.Kg1 Rxe3 28.Nf7+ Kg8 29.Nh6+
Kh8 30.Nf7+ Rxf7 31.Rd8+ Rf8 32.Rxf8+ Bxf8 33.fxe3 Bc5 34.Kf2 Be4 35.Rd1 g5
36.Bc4 h5 37.Rd8+ Kg7 38.Rc8 Nh3+ 39.Ke2 Bd6 40.Bxa6 Bxh2 41.Bc4 g4 42.a6 g3
43.a7 g2 44.a8=Q Bxa8 45.Rxa8 Ng5 {#R} 0-1

[Event "It (open)"]
[Site "masterchessopen.com Saint-Quentin (France)"]
[Round "4"]
[White "Hedjazian Kayhan (FRA)"]
[Black "L'Henoret Thierry (FRA)"]
[Result "0-1"]
[WhiteElo "2124"]
[BlackElo "2164"]

1.d4 d5 2.c4 dxc4 3.Nf3 Nf6 4.e3 e6 5.Bxc4 c5 6.O-O a6 7.Qe2 b5 8.Bb3 Bb7
9.Rd1 Nbd7 10.Nc3 Qb8 11.Bc2 Bd6 12.h3 O-O 13.e4 cxd4 14.Nxd4 h6 15.a3 Rc8
16.Nf3 Ne5 17.Kh1 Nc4 18.Nd2 Nxa3 19.Bb3 b4 20.bxa3 bxc3 21.Nc4 Bc5 22.Bc2 Rd8
23.e5 Rxd1+ 24.Qxd1 Ne4 25.Bxe4 Bxe4 26.Nd6 c2 27.Qg4 Bg6 28.Qf3 Bd4 29.Ra2
Bxe5 30.Nxf7 Bxf7 31.Rxc2 Ra7 32.Be3 Rc7 33.Rxc7 Bxc7 34.Qe2 Qb1+ {#R} 0-1

[Event "Ch Switzerland (w)"]
[Site "masterchessopen.com Silvaplana (Switzerland)"]
[Round "2"]
[White "Roelli Corinne (SUI)"]
[Black "Roschina Tatiana (RUS)"]
[Result "0-1"]
[WhiteElo "2010"]
[BlackElo "2283"]

1.d4 d5 2.c4 dxc4 3.Nf3 Nf6 4.e3 e6 5.Bxc4 c5 6.O-O a6 7.Qe2 b5 8.Bb3 Bb7
9.Rd1 Nbd7 10.Nc3 Qb8 11.d5 c4 12.dxe6 fxe6 13.Bc2 Bd6 14.e4 O-O 15.Bg5 Bc5
16.h3 Qc7 17.Rd2 h6 18.Bh4 g5 19.Bxg5 hxg5 20.Nxg5 Rae8 21.Rad1 Re7 22.Kh1 Qf4
23.Nf3 Rh7 24.Kg1 Rg7 25.Kh1 Ne5 26.Nxe5 Qxe5 27.Rd8 Rxd8 28.Rxd8+ Kf7 29.Qd2
b4 30.Na4 Bxe4 31.Bxe4 Nxe4 32.Rd7+ Be7 33.Qxb4 Nxf2+ 34.Kg1 Nxh3+ 35.Kh1 Ke8
36.Qd2 Nf4 37.Ra7 Rh7+ 38.Kg1 Bc5+ {#R} 0-1